Pick the Will Ferrell Movie Quiz Stats

 Plays Quiz Updated Sep 29, 2017

Support Sporcle.
Go Orange.
Score 0/16 Timer 03:00
4 Plays Today
Question Answer Wrong Answers
Which one of these films stars Will Ferrell? Step Brothers
94.5%
Harold & Kumar Get the Munchies
1.1%
Force Majeure
0.7%
50 First Dates
0.9%
Which one of these films stars Will Ferrell? Anchorman: The Legend of Ron Burgundy
94.4%
Dude, Where's My Car?
1%
A Mighty Wind
0.5%
Tropic Thunder
1.3%
Which one of these films stars Will Ferrell? Talladega Nights: The Ballad of Ricky Bobby
90.7%
Super Troopers
1.7%
State and Main
0.9%
Big Daddy
4%
Which one of these films stars Will Ferrell? Elf
89.7%
Pineapple Express
0.7%
Kiss Kiss Bang Bang
0.3%
DodgeBall: A True Underdog Story
6.9%
Which one of these films stars Will Ferrell? Blades of Glory
89.5%
Grandma's Boy
3.5%
Knocked Up
2.4%
The Waterboy
1.9%
Which one of these films stars Will Ferrell? Old School
86.9%
Easy A
2.2%
Young Adult
4.8%
Meet the Fockers
3.2%
Which one of these films stars Will Ferrell? Daddy's Home
86.2%
Jackass: The Movie
1.6%
I Heart Huckabees
6.6%
Bad Moms
2.8%
Which one of these films stars Will Ferrell? The Other Guys
84.1%
Beerfest
5.4%
Bad Santa
4.6%
The Wedding Singer
3%
Which one of these films stars Will Ferrell? Zoolander 2
82.3%
The Hangover
2.8%
Four Lions
10.1%
Happy Gilmore
2.1%
Which one of these films stars Will Ferrell? Get Hard
79.4%
Team America: World Police
7.7%
Songs From the Second Floor
3.6%
Blended
6.5%
Which one of these films stars Will Ferrell? Kicking & Screaming
78.2%
Superbad
7.5%
Josie and the Pussycats
6.9%
Billy Madison
4.5%
Which one of these films stars Will Ferrell? Stranger Than Fiction
72.2%
Shaun of the Dead
3.1%
Ocean's Eleven
1.1%
Grown Ups
21%
Which one of these films stars Will Ferrell? Land of the Lost
72%
Tropic Thunder
11%
School of Rock
3.4%
The Sweetest Thing
10.9%
Which one of these films stars Will Ferrell? The Producers
47.6%
Miss March
20.5%
The World's End
19.3%
There's Something About Mary
9.5%
Which one of these films stars Will Ferrell? The Wendell Baker Story
42.6%
Scary Movie
4.3%
Offside
30.8%
Vacation
19.2%
Which one of these films stars Will Ferrell? Melinda and Melinda
34.2%
Without a Paddle
21.6%
Punch-Drunk Love
20.7%
The Secret Life of Walter Mitty
20.5%

You're not logged in!

Compare scores with friends on all Sporcle quizzes.
OR
Log In

From the Vault

Giants Franchise 25+ HRs Single Season

by jgrub7

These guys are truly giants of the baseball diamond.
Remove Ads.
Support Sporcle.
Get the best of Sporcle when you Go Orange. This ad-free experience offers more features, more stats, and more fun while also helping to support Sporcle. Thank you for becoming a member.

Show Comments

Extras

Top Quizzes Today


Score Distribution

Your Account Isn't Verified!

In order to create a playlist on Sporcle, you need to verify the email address you used during registration. Go to your Sporcle Settings to finish the process.

Report this User

Report this user for behavior that violates our Community Guidelines.

Details: